Atlas of dysmorphology and diagnosis / (Record no. 200450396)
[ view plain ]
| 000 -LEADER | |
|---|---|
| fixed length control field | 00711cam a2200253 i 4500 |
| 003 - CONTROL NUMBER IDENTIFIER | |
| control field | TR-AnTOB |
| 005 - DATE AND TIME OF LATEST TRANSACTION | |
| control field | 20230418135911.0 |
| 007 - PHYSICAL DESCRIPTION FIXED FIELD--GENERAL INFORMATION | |
| fixed length control field | ta |
| 008 - FIXED-LENGTH DATA ELEMENTS--GENERAL INFORMATION | |
| fixed length control field | 160905s[t.y$$$$tu#a###$r01###$$$$#eng u |
| 040 ## - CATALOGING SOURCE | |
| Language of cataloging | eng |
| Description conventions | rda |
| Transcribing agency | TR-AnTOB |
| Original cataloging agency | TR-AnTOB |
| 041 0# - LANGUAGE CODE | |
| Language code of text/sound track or separate title | İngilizce |
| 044 ## - COUNTRY OF PUBLISHING/PRODUCING ENTITY CODE | |
| ISO country code | tu |
| 060 ## - NATIONAL LIBRARY OF MEDICINE CALL NUMBER | |
| Classification number | WJ 700 |
| Item number | A755 2015 |
| 096 ## - LOCALLY ASSIGNED NLM-TYPE CALL NUMBER (OCLC) | |
| Classification number | WJ700 |
| Item number | A755 2015 |
| 245 00 - TITLE STATEMENT | |
| Title | Atlas of dysmorphology and diagnosis / |
| Statement of responsibility, etc. | editör Munis Dündar. |
| 264 #1 - PRODUCTION, PUBLICATION, DISTRIBUTION, MANUFACTURE, AND COPYRIGHT NOTICE | |
| Place of production, publication, distribution, manufacture | Kayseri : |
| Name of producer, publisher, distributor, manufacturer | Erciyes Üniversitesi, |
| Date of production, publication, distribution, manufacture, or copyright notice | [2015]. |
| 300 ## - PHYSICAL DESCRIPTION | |
| Extent | 555 pages : |
| Other physical details | resim ; |
| Dimensions | 24 cm |
| 336 ## - CONTENT TYPE | |
| Content type term | metin |
| Content type code | txt |
| Source | rdacontent |
| 337 ## - MEDIA TYPE | |
| Media type term | aracısız |
| Media type code | n |
| Source | rdamedia |
| 338 ## - CARRIER TYPE | |
| Carrier type term | cilt |
| Carrier type code | nc |
| Source | rdacarrier |
| 650 #0 - SUBJECT ADDED ENTRY--TOPICAL TERM | |
| Topical term or geographic name entry element | Genetik bilimi |
| 942 ## - ADDED ENTRY ELEMENTS (KOHA) | |
| Source of classification or shelving scheme | National Library of Medicine |
| Koha item type | Book |
| Withdrawn status | Lost status | Source of classification or shelving scheme | Not for loan | Collection code | Home library | Current library | Shelving location | Date acquired | Source of acquisition | Inventory number | Total Checkouts | Full call number | Barcode | Date last seen | Copy number | Date shelved | Koha item type |
|---|---|---|---|---|---|---|---|---|---|---|---|---|---|---|---|---|---|
| National Library of Medicine | Ödünç Verilemez-Kurumiçi kullanım / Not for loan-For inhouse use | Tıp Koleksiyonu | Tıp Fakültesi Medikal Kütüphane | TOBB ETÜ Memorial Afiliasyon Kütüphanesi | Tıp Koleksiyonu / Medical Collection | 14/10/2022 | Bağış / Donation | TIP | WJ 700 A755 2015 MemAfK | TF00162 | 14/10/2022 | 1 | 14/10/2022 | Book | |||
| National Library of Medicine | Ödünç Verilemez-Kurumiçi kullanım / Not for loan-For inhouse use | Tıp Koleksiyonu | Tıp Fakültesi Medikal Kütüphane | Tıp Fakültesi Medikal Kütüphane | Tıp Koleksiyonu / Medical Collection | 02/08/2023 | Bağış / Donation | TIP | WJ 700 A755 2015 TıpFaK | TF00581 | 18/09/2023 | 1 | 02/08/2023 | Book |
